[Event "Deutsche Ländermeisterschaft 2025"]
[Site "Oer-Erkenschwick GER"]
[Date "2025.10.03"]
[Round "5"]
[White "Derr, Oleg"]
[Black "Mimkes, Antal"]
[Result "1/2-1/2"]
[Termination "normal"]
[Board "5.3"]
[WhiteElo "2146"]
[BlackElo "2116"]
[WhiteClock "00:59:06"]
[BlackClock "00:25:51"]
[WhiteTeam "Hessen"]
[BlackTeam "Niedersachsen"]
[PlyCount "59"]
[WhiteFideId "34611517"]
[BlackFideId "16265963"]
[EventCountry "GER"]
[EventRounds "7"]
[EventType "team-swiss"]
[EventDate "2025.09.30"]

1. e4 {[%clk 01:30:59]} c5 {[%clk 01:30:09]} {[%emt 00:00:51]} 2. Nf3 {[%clk
01:31:25]} {[%emt 00:00:05]} e6 {[%clk 01:30:32]} {[%emt 00:00:06]} 3. d4
{[%clk 01:31:51]} {[%emt 00:00:04]} cxd4 {[%clk 01:30:55]} {[%emt 00:00:07]} 4.
Nxd4 {[%clk 01:32:19]} {[%emt 00:00:02]} Nf6 {[%clk 01:30:50]} {[%emt
00:00:35]} 5. Nc3 {[%clk 01:32:44]} {[%emt 00:00:05]} Nc6 {[%clk 01:31:12]}
{[%emt 00:00:08]} 6. Qd3 {[%clk 01:33:10]} {[%emt 00:00:04]} a6 {[%clk
01:27:17]} {[%emt 00:04:24]} 7. Nxc6 {[%clk 01:33:34]} {[%emt 00:00:07]} bxc6
{[%clk 01:27:37]} {[%emt 00:00:10]} 8. e5 {[%clk 01:33:50]} {[%emt 00:00:14]}
Nd5 {[%clk 01:27:48]} {[%emt 00:00:19]} 9. Ne4 {[%clk 01:34:02]} {[%emt
00:00:18]} c5 {[%clk 01:24:16]} {[%emt 00:04:01]} 10. c3 {[%clk 01:30:45]}
{[%emt 00:03:48]} Be7 {[%clk 01:21:38]} {[%emt 00:03:07]} 11. Qg3 {[%clk
01:30:05]} {[%emt 00:01:11]} Kf8 {[%clk 01:16:04]} {[%emt 00:06:04]} 12. Bd3
{[%clk 01:28:45]} {[%emt 00:01:50]} Rb8 {[%clk 01:14:06]} {[%emt 00:02:28]} 13.
a3 {[%clk 01:26:07]} {[%emt 00:03:09]} Bb7 {[%clk 01:11:34]} {[%emt 00:03:01]}
14. Nd6 {[%clk 01:25:47]} {[%emt 00:00:49]} Bxd6 {[%clk 00:58:54]} {[%emt
00:13:11]} 15. exd6 {[%clk 01:26:12]} {[%emt 00:00:05]} a5 {[%clk 00:56:37]}
{[%emt 00:02:47]} 16. c4 {[%clk 01:21:59]} {[%emt 00:04:45]} Nf6 {[%clk
00:55:35]} {[%emt 00:01:31]} 17. O-O {[%clk 01:21:08]} {[%emt 00:01:20]} Qb6
{[%clk 00:50:13]} {[%emt 00:05:52]} 18. Be3 {[%clk 01:18:13]} {[%emt 00:03:25]}
Ne4 {[%clk 00:40:08]} {[%emt 00:10:35]} 19. Bxe4 {[%clk 01:04:16]} {[%emt
00:14:27]} Bxe4 {[%clk 00:40:15]} {[%emt 00:00:24]} 20. Qe5 {[%clk 01:03:57]}
{[%emt 00:00:49]} Qc6 {[%clk 00:40:05]} {[%emt 00:00:39]} 21. f3 {[%clk
01:02:14]} {[%emt 00:02:13]} Bg6 {[%clk 00:35:04]} {[%emt 00:05:31]} 22. Bxc5
{[%clk 01:00:10]} {[%emt 00:02:34]} f6 {[%clk 00:34:19]} {[%emt 00:01:15]} 23.
Qd4 {[%clk 00:59:28]} {[%emt 00:01:13]} Rb3 {[%clk 00:30:00]} {[%emt 00:04:48]}
24. Rac1 {[%clk 00:58:22]} {[%emt 00:01:36]} Kf7 {[%clk 00:29:59]} {[%emt
00:00:31]} 25. Rfd1 {[%clk 00:58:22]} {[%emt 00:00:31]} Rhb8 {[%clk 00:28:58]}
{[%emt 00:01:30]} 26. Rd2 {[%clk 00:58:20]} {[%emt 00:00:33]} Qb7 {[%clk
00:24:49]} {[%emt 00:04:39]} 27. Ba7 {[%clk 00:58:19]} {[%emt 00:00:30]} Ra8
{[%clk 00:25:08]} {[%emt 00:00:11]} 28. Bc5 {[%clk 00:58:33]} {[%emt 00:00:16]}
Rb8 {[%clk 00:25:33]} {[%emt 00:00:06]} 29. Ba7 {[%clk 00:58:48]} {[%emt
00:00:14]} Ra8 {[%clk 00:25:51]} {[%emt 00:00:12]} 30. Bc5 {[%clk 00:59:06]}
{[%emt 00:00:12]} 1/2-1/2

[Event "Deutsche Ländermeisterschaft 2025"]
[Site "Oer-Erkenschwick GER"]
[Date "2025.10.03"]
[Round "5"]
[White "Werner, Rosalie"]
[Black "Bundan, Edward"]
[Result "0-1"]
[Termination "normal"]
[Board "5.5"]
[WhiteElo "1953"]
[BlackElo "1939"]
[WhiteClock "00:39:47"]
[BlackClock "01:03:27"]
[WhiteTeam "Hessen"]
[BlackTeam "Niedersachsen"]
[PlyCount "44"]
[WhiteFideId "16223748"]
[BlackFideId "34603042"]
[EventCountry "GER"]
[EventRounds "7"]
[EventType "team-swiss"]
[EventDate "2025.09.30"]

1. e4 {[%clk 01:30:57]} {[%emt 00:00:02]} c5 {[%clk 01:30:55]} {[%emt
00:00:05]} 2. Nf3 {[%clk 01:31:23]} {[%emt 00:00:04]} e6 {[%clk 01:30:51]}
{[%emt 00:00:34]} 3. d4 {[%clk 01:31:41]} {[%emt 00:00:13]} cxd4 {[%clk
01:31:14]} {[%emt 00:00:07]} 4. Nxd4 {[%clk 01:32:04]} {[%emt 00:00:07]} Nc6
{[%clk 01:31:35]} {[%emt 00:00:09]} 5. Nc3 {[%clk 01:24:44]} {[%emt 00:07:49]}
Qc7 {[%clk 01:31:46]} {[%emt 00:00:19]} 6. Be2 {[%clk 01:23:27]} {[%emt
00:01:48]} a6 {[%clk 01:31:58]} {[%emt 00:00:17]} 7. Be3 {[%clk 01:23:02]}
{[%emt 00:00:56]} Nf6 {[%clk 01:32:10]} {[%emt 00:00:18]} 8. O-O {[%clk
01:22:43]} {[%emt 00:00:49]} Bb4 {[%clk 01:31:38]} {[%emt 00:01:02]} 9. Nxc6
{[%clk 01:22:11]} {[%emt 00:01:02]} bxc6 {[%clk 01:31:05]} {[%emt 00:01:03]}
10. Na4 {[%clk 01:22:05]} {[%emt 00:00:35]} Bd6 {[%clk 01:20:44]} {[%emt
00:10:50]} 11. Qd3 {[%clk 01:09:37]} {[%emt 00:12:58]} Bxh2+ {[%clk 01:13:36]}
{[%emt 00:07:38]} 12. Kh1 {[%clk 01:09:25]} {[%emt 00:00:43]} Bf4 {[%clk
01:09:39]} {[%emt 00:04:27]} 13. Nb6 {[%clk 01:03:38]} {[%emt 00:06:17]} Rb8
{[%clk 01:09:50]} {[%emt 00:00:18]} 14. Nxc8 {[%clk 01:00:28]} {[%emt
00:03:40]} Rxc8 {[%clk 01:10:02]} {[%emt 00:00:18]} 15. Bxf4 {[%clk 00:48:19]}
{[%emt 00:12:39]} Qxf4 {[%clk 01:10:08]} {[%emt 00:00:24]} 16. Qxa6 {[%clk
00:46:55]} {[%emt 00:01:54]} Rd8 {[%clk 01:09:46]} {[%emt 00:00:52]} 17. Bf3
{[%clk 00:41:14]} {[%emt 00:06:11]} h5 {[%clk 01:02:40]} {[%emt 00:07:36]} 18.
Qe2 {[%clk 00:40:09]} {[%emt 00:01:35]} Qh4+ {[%clk 01:02:23]} {[%emt
00:00:47]} 19. Kg1 {[%clk 00:40:31]} {[%emt 00:00:08]} Ng4 {[%clk 01:02:42]}
{[%emt 00:00:11]} 20. Bxg4 {[%clk 00:39:32]} {[%emt 00:01:29]} hxg4 {[%clk
01:03:10]} {[%emt 00:00:02]} 21. f4 {[%clk 00:39:31]} {[%emt 00:00:31]} g3
{[%clk 01:03:27]} {[%emt 00:00:12]} 22. Rfd1 {[%clk 00:39:47]} {[%emt
00:00:14]} Qh1# {[%emt 00:00:08]} 0-1

[Event "Deutsche Ländermeisterschaft 2025"]
[Site "Oer-Erkenschwick GER"]
[Date "2025.10.03"]
[Round "5"]
[White "Oellrich, Emma"]
[Black "Gao, Chenzhuo"]
[Result "1-0"]
[Termination "normal"]
[Board "5.6"]
[WhiteElo "1764"]
[BlackElo "1848"]
[WhiteClock "01:28:32"]
[BlackClock "01:13:52"]
[WhiteTeam "Niedersachsen"]
[BlackTeam "Hessen"]
[PlyCount "91"]
[WhiteFideId "16268806"]
[BlackFideId "34668608"]
[EventCountry "GER"]
[EventRounds "7"]
[EventType "team-swiss"]
[EventDate "2025.09.30"]

1. d4 {[%clk 01:28:32]} Nf6 {[%clk 01:13:52]} 2. c4 {[%clk 01:28:32]} e6 {[%clk
01:13:52]} 3. Nf3 {[%clk 01:28:32]} d5 {[%clk 01:13:52]} 4. Nc3 {[%clk
01:28:32]} Bb4 {[%clk 01:13:52]} 5. cxd5 {[%clk 01:28:32]} exd5 {[%clk
01:13:52]} 6. Bg5 {[%clk 01:28:32]} O-O {[%clk 01:13:52]} 7. e3 {[%clk
01:28:32]} h6 {[%clk 01:13:52]} 8. Bh4 {[%clk 01:28:32]} c6 {[%clk 01:13:52]}
9. Bd3 {[%clk 01:28:32]} Bg4 {[%clk 01:13:52]} 10. Qb3 {[%clk 01:28:32]} Bxc3+
{[%clk 01:13:52]} 11. bxc3 {[%clk 01:28:32]} Bc8 {[%clk 01:13:52]} 12. O-O
{[%clk 01:28:32]} Nbd7 {[%clk 01:13:52]} 13. Ne5 {[%clk 01:28:32]} Qa5 {[%clk
01:13:52]} 14. Nxd7 {[%clk 01:28:32]} Nxd7 {[%clk 01:13:52]} 15. Qb4 {[%clk
01:28:32]} Qxb4 {[%clk 01:13:52]} 16. cxb4 {[%clk 01:28:32]} a5 {[%clk
01:13:52]} 17. a3 {[%clk 01:28:32]} f5 {[%clk 01:13:52]} 18. Be7 {[%clk
01:28:32]} Rf7 {[%clk 01:13:52]} 19. Bd6 {[%clk 01:28:32]} g5 {[%clk 01:13:52]}
20. b5 {[%clk 01:28:32]} Rf6 {[%clk 01:13:52]} 21. Be7 {[%clk 01:28:32]} Rf7
{[%clk 01:13:52]} 22. Bd6 {[%clk 01:28:32]} Nf8 {[%clk 01:13:52]} 23. f3 {[%clk
01:28:32]} Bd7 {[%clk 01:13:52]} 24. bxc6 {[%clk 01:28:32]} Bxc6 {[%clk
01:13:52]} 25. a4 {[%clk 01:28:32]} Ne6 {[%clk 01:13:52]} 26. f4 {[%clk
01:28:32]} g4 {[%clk 01:13:52]} 27. h3 {[%clk 01:28:32]} h5 {[%clk 01:13:52]}
28. hxg4 {[%clk 01:28:32]} hxg4 {[%clk 01:13:52]} 29. Kf2 {[%clk 01:28:32]} Nf8
{[%clk 01:13:52]} 30. Rh1 {[%clk 01:28:32]} Bd7 {[%clk 01:13:52]} 31. Rh5
{[%clk 01:28:32]} Rh7 {[%clk 01:13:52]} 32. Rah1 {[%clk 01:28:32]} Rc8 {[%clk
01:13:52]} 33. Rg5+ {[%clk 01:28:32]} Rg7 {[%clk 01:13:52]} 34. Rhh5 {[%clk
01:28:32]} Nh7 {[%clk 01:13:52]} 35. Rxg7+ {[%clk 01:28:32]} Kxg7 {[%clk
01:13:52]} 36. Bxf5 {[%clk 01:28:32]} Bxf5 {[%clk 01:13:52]} 37. Rxf5 {[%clk
01:28:32]} Rc4 {[%clk 01:13:52]} 38. Rxd5 {[%clk 01:28:32]} Rxa4 {[%clk
01:13:52]} 39. Rb5 {[%clk 01:28:32]} Ra2+ {[%clk 01:13:52]} 40. Kg3 {[%clk
01:28:32]} Re2 {[%clk 01:13:52]} 41. Kxg4 {[%clk 01:28:32]} Rxg2+ {[%clk
01:13:52]} 42. Kf5 {[%clk 01:28:32]} a4 {[%clk 01:13:52]} 43. Rxb7+ {[%clk
01:28:32]} Kh6 {[%clk 01:13:52]} 44. e4 {[%clk 01:28:32]} Rg6 {[%clk 01:13:52]}
45. Be7 {[%clk 01:28:32]} Ra6 {[%clk 01:13:52]} 46. Bg5+ {[%clk 01:28:32]} 1-0

[Event "Deutsche Ländermeisterschaft 2025"]
[Site "Oer-Erkenschwick GER"]
[Date "2025.10.03"]
[Round "5"]
[White "Dedic, Sajra"]
[Black "Zhang, Jiahui"]
[Result "1-0"]
[Termination "normal"]
[Board "5.7"]
[WhiteElo "1625"]
[BlackElo "1575"]
[WhiteClock "00:20:36"]
[BlackClock "01:03:58"]
[WhiteTeam "Hessen"]
[BlackTeam "Niedersachsen"]
[PlyCount "99"]
[WhiteFideId "14422794"]
[BlackFideId "533001308"]
[EventCountry "GER"]
[EventRounds "7"]
[EventType "team-swiss"]
[EventDate "2025.09.30"]

1. e4 {[%clk 01:30:57]} {[%emt 00:00:02]} c6 {[%clk 01:30:55]} {[%emt
00:00:05]} 2. d4 {[%clk 01:31:24]} {[%emt 00:00:03]} d5 {[%clk 01:31:21]}
{[%emt 00:00:04]} 3. Nd2 {[%clk 01:31:51]} {[%emt 00:00:03]} dxe4 {[%clk
01:31:43]} {[%emt 00:00:09]} 4. Nxe4 {[%clk 01:32:16]} {[%emt 00:00:04]} Bf5
{[%clk 01:32:10]} {[%emt 00:00:04]} 5. Ng3 {[%clk 01:32:40]} {[%emt 00:00:05]}
Bg6 {[%clk 01:32:36]} {[%emt 00:00:05]} 6. Nh3 {[%clk 01:33:06]} {[%emt
00:00:04]} e5 {[%clk 01:29:42]} {[%emt 00:03:24]} 7. dxe5 {[%clk 01:27:33]}
{[%emt 00:06:03]} Qxd1+ {[%clk 01:28:55]} {[%emt 00:01:17]} 8. Kxd1 {[%clk
01:27:52]} {[%emt 00:00:10]} Nd7 {[%clk 01:28:12]} {[%emt 00:01:13]} 9. f4
{[%clk 01:26:17]} {[%emt 00:02:05]} Ne7 {[%clk 01:28:08]} {[%emt 00:00:35]} 10.
Bd3 {[%clk 00:48:36]} {[%emt 00:38:11]} Bxd3 {[%clk 01:22:05]} {[%emt
00:06:33]} 11. cxd3 {[%clk 00:49:00]} {[%emt 00:00:06]} Nc5 {[%clk 01:22:07]}
{[%emt 00:00:26]} 12. Ke2 {[%clk 00:48:46]} {[%emt 00:00:45]} h5 {[%clk
01:20:36]} {[%emt 00:02:02]} 13. Be3 {[%clk 00:48:12]} {[%emt 00:01:03]} Nd5
{[%clk 01:20:04]} {[%emt 00:01:02]} 14. Bf2 {[%clk 00:45:47]} {[%emt 00:02:55]}
g6 {[%clk 01:14:27]} {[%emt 00:06:06]} 15. Ne4 {[%clk 00:33:15]} {[%emt
00:13:03]} Ne6 {[%clk 01:06:43]} {[%emt 00:08:14]} 16. Kf3 {[%clk 00:26:38]}
{[%emt 00:07:07]} Bh6 {[%clk 01:02:22]} {[%emt 00:04:51]} 17. Nd6+ {[%clk
00:26:07]} {[%emt 00:01:01]} Ke7 {[%clk 01:01:53]} {[%emt 00:00:59]} 18. g3
{[%clk 00:17:14]} {[%emt 00:09:24]} b6 {[%clk 01:01:04]} {[%emt 00:01:19]} 19.
Rhd1 {[%clk 00:13:03]} {[%emt 00:04:40]} f6 {[%clk 01:00:44]} {[%emt 00:00:50]}
20. d4 {[%clk 00:11:41]} {[%emt 00:01:52]} fxe5 {[%clk 00:59:03]} {[%emt
00:02:12]} 21. dxe5 {[%clk 00:11:40]} {[%emt 00:00:31]} Rhf8 {[%clk 00:59:08]}
{[%emt 00:00:24]} 22. Kg2 {[%clk 00:06:32]} {[%emt 00:05:38]} h4 {[%clk
00:55:42]} {[%emt 00:03:56]} 23. Rac1 {[%clk 00:05:27]} {[%emt 00:01:35]} hxg3
{[%clk 00:51:34]} {[%emt 00:04:38]} 24. hxg3 {[%clk 00:05:36]} {[%emt
00:00:21]} Nd8 {[%clk 00:51:13]} {[%emt 00:00:51]} 25. Ng1 {[%clk 00:04:15]}
{[%emt 00:01:51]} Ke6 {[%clk 00:45:43]} {[%emt 00:06:00]} 26. Ne2 {[%clk
00:03:24]} {[%emt 00:01:22]} c5 {[%clk 00:45:25]} {[%emt 00:00:47]} 27. Ne4
{[%clk 00:01:35]} {[%emt 00:02:20]} Nf7 {[%clk 00:44:40]} {[%emt 00:01:15]} 28.
Bxc5 {[%clk 00:01:20]} {[%emt 00:00:45]} Rfc8 {[%clk 00:42:32]} {[%emt
00:02:37]} 29. Bf2 {[%clk 00:00:44]} {[%emt 00:01:06]} g5 {[%clk 00:38:17]}
{[%emt 00:04:46]} 30. Nd4+ {[%clk 00:01:00]} {[%emt 00:00:14]} Ke7 {[%clk
00:38:22]} {[%emt 00:00:23]} 31. Nf5+ {[%clk 00:01:23]} {[%emt 00:00:09]} Kf8
{[%clk 00:37:53]} {[%emt 00:00:58]} 32. Rxc8+ {[%clk 00:01:39]} {[%emt
00:00:14]} Rxc8 {[%clk 00:37:29]} {[%emt 00:00:55]} 33. Rxd5 {[%clk 00:01:27]}
{[%emt 00:00:41]} gxf4 {[%clk 00:37:31]} {[%emt 00:00:28]} 34. Nxh6 {[%clk
00:01:46]} {[%emt 00:00:12]} Nxh6 {[%clk 00:37:51]} {[%emt 00:00:09]} 35. gxf4
{[%clk 00:01:53]} {[%emt 00:00:23]} Ke7 {[%clk 00:37:29]} {[%emt 00:00:52]} 36.
Bh4+ {[%clk 00:01:09]} {[%emt 00:01:14]} Kf8 {[%clk 00:37:18]} {[%emt
00:00:41]} 37. Rd8+ {[%clk 00:00:55]} {[%emt 00:00:44]} Rxd8 {[%clk 00:37:41]}
{[%emt 00:00:08]} 38. Bxd8 {[%clk 00:01:23]} {[%emt 00:00:02]} Kf7 {[%clk
00:37:32]} {[%emt 00:00:38]} 39. Ng5+ {[%clk 00:01:25]} {[%emt 00:00:29]} Kg6
{[%emt 00:00:18]} 40. e6 {[%clk 00:01:20]} {[%emt 00:00:31]} Ng8 {[%clk
00:36:57]} {[%emt 00:01:20]} 41. Ne4 {[%clk 00:00:48]} {[%emt 00:01:02]} Kf5
{[%clk 00:37:05]} {[%emt 00:00:22]} 42. e7 {[%clk 00:00:40]} {[%emt 00:00:38]}
Nxe7 {[%clk 00:37:15]} {[%emt 00:00:20]} 43. Bxe7 {[%clk 00:30:21]} {[%emt
00:00:48]} Kxf4 {[%clk 01:07:24]} {[%emt 00:00:22]} 44. Nc3 {[%clk 00:30:30]}
{[%emt 00:00:20]} Ke5 {[%clk 01:07:41]} {[%emt 00:00:13]} 45. Kf3 {[%clk
00:30:02]} {[%emt 00:00:58]} a6 {[%clk 01:07:40]} {[%emt 00:00:31]} 46. a4
{[%clk 00:28:05]} {[%emt 00:02:27]} Kd4 {[%clk 01:07:54]} {[%emt 00:00:16]} 47.
Ke2 {[%clk 00:20:18]} {[%emt 00:08:16]} Kc4 {[%clk 01:05:43]} {[%emt 00:02:42]}
48. Kd2 {[%clk 00:20:11]} {[%emt 00:00:37]} Kd4 {[%clk 01:04:51]} {[%emt
00:01:22]} 49. Kc2 {[%clk 00:20:16]} {[%emt 00:00:25]} Ke5 {[%clk 01:03:58]}
{[%emt 00:01:22]} 50. Bd8 {[%clk 00:20:36]} {[%emt 00:00:11]} 1-0

[Event "Deutsche Ländermeisterschaft 2025"]
[Site "Oer-Erkenschwick GER"]
[Date "2025.10.03"]
[Round "5"]
[White "Benitez Villalba, Amaia Beatriz"]
[Black "Huang, Flora Yueya"]
[Result "0-1"]
[Termination "normal"]
[Board "5.8"]
[WhiteElo "1015"]
[BlackElo "1750"]
[WhiteClock "00:42:00"]
[BlackClock "01:36:38"]
[WhiteTeam "Niedersachsen"]
[BlackTeam "Hessen"]
[PlyCount "114"]
[WhiteFideId "3714802"]
[BlackFideId "533015651"]
[EventCountry "GER"]
[EventRounds "7"]
[EventType "team-swiss"]
[EventDate "2025.09.30"]

1. d4 {[%clk 01:30:57]} {[%emt 00:00:02]} d5 {[%clk 01:30:55]} {[%emt
00:00:05]} 2. Nf3 {[%clk 01:31:24]} {[%emt 00:00:04]} Nf6 {[%clk 01:31:18]}
{[%emt 00:00:07]} 3. e3 {[%clk 01:31:14]} {[%emt 00:00:39]} c5 {[%clk
01:31:44]} {[%emt 00:00:05]} 4. c3 {[%clk 01:31:14]} {[%emt 00:00:29]} Nc6
{[%clk 01:31:55]} {[%emt 00:00:19]} 5. Bd3 {[%clk 01:30:44]} {[%emt 00:01:00]}
e6 {[%clk 01:32:19]} {[%emt 00:00:06]} 6. Nbd2 {[%clk 01:30:29]} {[%emt
00:00:45]} Bd6 {[%clk 01:32:16]} {[%emt 00:00:33]} 7. O-O {[%clk 01:30:12]}
{[%emt 00:00:48]} O-O {[%clk 01:32:39]} {[%emt 00:00:06]} 8. Qe2 {[%clk
01:30:18]} {[%emt 00:00:24]} a6 {[%clk 01:32:47]} {[%emt 00:00:22]} 9. e4
{[%clk 01:29:50]} {[%emt 00:00:58]} dxe4 {[%clk 01:32:42]} {[%emt 00:00:36]}
10. Nxe4 {[%clk 01:29:59]} {[%emt 00:00:20]} cxd4 {[%clk 01:33:02]} {[%emt
00:00:10]} 11. Nxd4 {[%clk 01:26:17]} {[%emt 00:04:11]} Nxd4 {[%clk 01:33:22]}
{[%emt 00:00:10]} 12. Nxf6+ {[%clk 01:24:58]} {[%emt 00:01:49]} Qxf6 {[%clk
01:33:12]} {[%emt 00:00:39]} 13. cxd4 {[%clk 01:21:51]} {[%emt 00:03:39]} Qxd4
{[%clk 01:32:07]} {[%emt 00:01:34]} 14. Qe4 {[%clk 01:21:09]} {[%emt 00:01:13]}
Qxe4 {[%clk 01:32:30]} {[%emt 00:00:08]} 15. Bxe4 {[%clk 01:21:30]} {[%emt
00:00:08]} Rb8 {[%clk 01:32:44]} {[%emt 00:00:17]} 16. Be3 {[%clk 01:20:01]}
{[%emt 00:01:56]} Be5 {[%clk 01:32:17]} {[%emt 00:00:58]} 17. Rab1 {[%clk
01:16:25]} {[%emt 00:04:06]} b6 {[%clk 01:32:11]} {[%emt 00:00:37]} 18. b3
{[%clk 01:13:25]} {[%emt 00:03:30]} Bb7 {[%clk 01:32:24]} {[%emt 00:00:17]} 19.
Bxb7 {[%clk 01:10:54]} {[%emt 00:03:00]} Rxb7 {[%clk 01:32:50]} {[%emt
00:00:04]} 20. Rfd1 {[%clk 01:08:22]} {[%emt 00:03:02]} b5 {[%clk 01:31:58]}
{[%emt 00:01:24]} 21. Rd3 {[%clk 01:06:21]} {[%emt 00:02:27]} Rbb8 {[%clk
01:31:55]} {[%emt 00:00:36]} 22. Rbd1 {[%clk 01:01:47]} {[%emt 00:05:04]} Bf6
{[%clk 01:31:29]} {[%emt 00:00:57]} 23. Rd7 {[%clk 00:58:40]} {[%emt 00:03:34]}
Rfd8 {[%clk 01:31:21]} {[%emt 00:00:40]} 24. Kf1 {[%clk 00:55:10]} {[%emt
00:03:59]} Kf8 {[%clk 01:31:02]} {[%emt 00:00:51]} 25. Ke2 {[%clk 00:52:31]}
{[%emt 00:03:08]} Rbc8 {[%clk 01:30:56]} {[%emt 00:00:35]} 26. Rxd8+ {[%clk
00:50:08]} {[%emt 00:02:55]} Rxd8 {[%clk 01:30:31]} {[%emt 00:00:55]} 27. Rxd8+
{[%clk 00:48:48]} {[%emt 00:01:50]} Bxd8 {[%clk 01:30:58]} {[%emt 00:00:03]}
28. Bd4 {[%clk 00:48:41]} {[%emt 00:00:37]} f6 {[%clk 01:31:06]} {[%emt
00:00:22]} 29. f4 {[%clk 00:48:04]} {[%emt 00:01:06]} Bc7 {[%clk 01:31:02]}
{[%emt 00:00:34]} 30. g3 {[%clk 00:46:41]} {[%emt 00:01:54]} Ke7 {[%clk
01:31:25]} {[%emt 00:00:07]} 31. Kd3 {[%clk 00:45:25]} {[%emt 00:01:45]} e5
{[%clk 01:31:03]} {[%emt 00:00:52]} 32. fxe5 {[%clk 00:45:27]} {[%emt
00:00:29]} Bxe5 {[%clk 01:31:27]} {[%emt 00:00:06]} 33. Bxe5 {[%clk 00:45:42]}
{[%emt 00:00:14]} fxe5 {[%clk 01:31:54]} {[%emt 00:00:04]} 34. Ke4 {[%clk
00:45:29]} {[%emt 00:00:43]} Kd6 {[%clk 01:32:11]} {[%emt 00:00:13]} 35. b4
{[%clk 00:44:48]} {[%emt 00:01:11]} Ke6 {[%clk 01:32:31]} {[%emt 00:00:11]} 36.
g4 {[%clk 00:42:29]} {[%emt 00:02:48]} g6 {[%clk 01:31:30]} {[%emt 00:01:30]}
37. h3 {[%clk 00:41:35]} {[%emt 00:01:24]} g5 {[%clk 01:31:43]} {[%emt
00:00:17]} 38. a3 {[%clk 00:41:07]} {[%emt 00:00:59]} h6 {[%clk 01:32:10]}
{[%emt 00:00:03]} 39. Ke3 {[%clk 00:40:34]} {[%emt 00:01:03]} Kd5 {[%clk
01:32:33]} {[%emt 00:00:07]} 40. Kd2 {[%clk 00:39:53]} {[%emt 00:01:09]} Kd4
{[%clk 01:32:59]} {[%emt 00:00:06]} 41. Ke2 {[%clk 00:39:45]} {[%emt 00:00:38]}
Ke4 {[%clk 01:33:21]} {[%emt 00:00:08]} 42. Kd1 {[%clk 00:38:24]} {[%emt
00:01:42]} Kd3 {[%clk 01:33:36]} {[%emt 00:00:23]} 43. Ke1 {[%clk 00:38:21]}
{[%emt 00:00:33]} e4 {[%clk 01:33:59]} {[%emt 00:00:07]} 44. Kd1 {[%clk
00:38:23]} {[%emt 00:00:29]} e3 {[%clk 01:34:21]} {[%emt 00:00:08]} 45. Ke1
{[%clk 00:38:48]} {[%emt 00:00:05]} e2 {[%clk 01:34:35]} {[%emt 00:00:15]} 46.
Kf2 {[%clk 00:38:52]} {[%emt 00:00:27]} Kd2 {[%clk 01:34:59]} {[%emt 00:00:06]}
47. Kg1 {[%clk 00:39:09]} {[%emt 00:00:12]} e1=Q+ {[%clk 01:35:22]} {[%emt
00:00:07]} 48. Kh2 {[%clk 00:39:29]} {[%emt 00:00:10]} Qe3 {[%clk 01:34:59]}
{[%emt 00:00:53]} 49. Kg2 {[%clk 00:39:22]} {[%emt 00:00:37]} Qxa3 {[%clk
01:35:12]} {[%emt 00:00:16]} 50. Kg1 {[%clk 00:39:46]} {[%emt 00:00:06]} Qxh3
{[%clk 01:35:03]} {[%emt 00:00:39]} 51. Kf2 {[%clk 00:40:05]} {[%emt 00:00:11]}
Qxg4 {[%clk 01:34:50]} {[%emt 00:00:43]} 52. Kf1 {[%clk 00:40:30]} {[%emt
00:00:06]} h5 {[%clk 01:35:09]} {[%emt 00:00:10]} 53. Kf2 {[%clk 00:40:36]}
{[%emt 00:00:24]} h4 {[%clk 01:35:30]} {[%emt 00:00:10]} 54. Kf1 {[%clk
00:40:45]} {[%emt 00:00:20]} h3 {[%clk 01:35:55]} {[%emt 00:00:05]} 55. Kf2
{[%clk 00:41:13]} {[%emt 00:00:03]} h2 {[%clk 01:36:17]} {[%emt 00:00:08]} 56.
Kf1 {[%clk 00:41:41]} {[%emt 00:00:01]} h1=Q+ {[%clk 01:36:38]} {[%emt
00:00:08]} 57. Kf2 {[%clk 00:42:00]} {[%emt 00:00:11]} Qe1 {[%emt 00:00:09]}
0-1

[Event "Deutsche Ländermeisterschaft 2025"]
[Site "Oer-Erkenschwick GER"]
[Date "2025.10.03"]
[Round "5"]
[White "Matthäi, Jakob"]
[Black "van Arendonk, Polle"]
[Result "1-0"]
[Termination "normal"]
[Board "6.1"]
[WhiteElo "2163"]
[BlackElo "2105"]
[WhiteClock "01:16:43"]
[BlackClock "01:19:46"]
[WhiteTeam "Sachsen"]
[BlackTeam "Stichts-Gooise Schaakbond"]
[PlyCount "16"]
[WhiteFideId "16240421"]
[BlackFideId "1072048"]
[EventCountry "GER"]
[EventRounds "7"]
[EventType "team-swiss"]
[EventDate "2025.09.30"]

1. c4 {[%clk 01:30:58]} {[%emt 00:00:01]} Nf6 {[%clk 01:30:50]} {[%emt
00:00:10]} 2. g3 {[%clk 01:31:24]} {[%emt 00:00:04]} d6 {[%clk 01:30:50]}
{[%emt 00:00:31]} 3. Bg2 {[%clk 01:31:48]} {[%emt 00:00:06]} c6 {[%clk
01:30:56]} {[%emt 00:00:23]} 4. Nc3 {[%clk 01:30:41]} {[%emt 00:01:36]} Nbd7
{[%clk 01:31:15]} {[%emt 00:00:12]} 5. d3 {[%clk 01:28:48]} {[%emt 00:02:23]}
e5 {[%clk 01:31:36]} {[%emt 00:00:09]} 6. e4 {[%clk 01:28:14]} {[%emt
00:01:04]} Be7 {[%clk 01:31:34]} {[%emt 00:00:31]} 7. Nge2 {[%clk 01:28:34]}
{[%emt 00:00:11]} Nb6 {[%clk 01:20:22]} {[%emt 00:11:42]} 8. a4 {[%clk
01:16:43]} {[%emt 00:12:22]} a5 {[%clk 01:19:46]} {[%emt 00:01:05]} 9. O-O Nfd7
10. f4 Nc5 11. Be3 O-O 12. b3 Na6 13. d4 Nd7 14. Qd2 exd4 15. Nxd4 Bf6 16. Rab1
Ndc5 17. h3 Qc7 18. g4 g6 19. f5 Be5 20. Qf2 f6 21. h4 Qg7 22. Nce2 Nd3 23. Qf3
Nac5 24. Rfd1 g5 25. hxg5 fxg5 26. Rd2 Bd7 27. Rbd1 Nb4 28. Bf2 Rae8 29. Qh3
Re7 30. Bg3 Rfe8 31. Bxe5 Rxe5 32. Ng3 d5 33. Nf3 Rxe4 34. Nxe4 Nxe4 35. Re2
Rf8 36. Nd4 Nf6 37. Ne6 Bxe6 38. Rxe6 Re8 39. Rxe8+ Nxe8 40. cxd5 cxd5 41.
Bxd5+ Nxd5 42. Rxd5 Qc7 43. Qe3 Nf6 44. Rc5 Qd8 45. Kg2 Nxg4 46. Qc3 Qd6 47.
Rc8+ Kf7 48. Rc7+ 1-0